000 00331nam a2200145Ia 4500
100 _aLevenspiel/Octave
650 _aChemistry
942 _cBK
654 _aEngineering
245 _aChemical reaction Engineering
260 _bWILEY EASTERN LIMITED
_aNewDelhi
_c1969
082 _a660.28
300 _a501
546 _aENGLISH
999 _c25513
_d25513